| 000 | 00548nam a22001337a 4500 | ||
|---|---|---|---|
| 040 | _cRUA | ||
| 082 | _aGRS CHH 2015 B542 Or.1 | ||
| 100 | _aCHHEAN SAROM; ឈាន សារុំ | ||
| 245 | _aTechical research quail egg with oil lamp. ការសិក្សាស្រាវជ្រាវបច្ចេកទេសភ្ងាស់ស៊ុតក្រួចដោយប្រើចង្កៀងប្រេងកាត | ||
| 260 |
_aPhnom Penh _bCHH _c2015 |
||
| 300 |
_avii,28p. _bill. _c29cm. |
||
| 856 | _u CHHEAN SAROM | ||
| 942 | _cGRS | ||
| 999 |
_c11010 _d11010 |
||